Biggest American Companies by Revenue in 2000 - Statistics

General Stats
  • This quiz has been taken 57 times
  • The average score is 4 of 15
Answer Stats
Rev. in Millions Company % Correct
166,809 Wal-Mart Stores
84%
162,558 Ford Motor
51%
189,058 General Motors
49%
163,881 Exxon Mobil
47%
87,548 International Business Machines
41%
51,392 Bank of America Corporation
35%
62,391 AT&T
31%
57,993 Boeing
31%
111,630 General Electric
22%
45,351.6 Kroger
16%
82,005 Citigroup
14%
44,637.2 State Farm Insurance
6%
48,253 Hewlett-Packard
4%
49,489 SBC Communications
2%
61,751 Altria Group
0%
No matching quizzes found
Score Distribution
Percent of People with Each Score
Percentile by Number Answered
Your Score History
You have not taken this quiz